| 000 | 00708nam a2200301Ia 4500 | ||
|---|---|---|---|
| 005 | 20260401122345.0 | ||
| 008 | 008 250103s9999 xx 000 0 eng d | ||
| 020 | _a801832543 | ||
| 037 | _aTB | ||
| 040 | _aEDL | ||
| 040 | _beng | ||
| 040 | _cEDL | ||
| 041 | _2eng | ||
| 041 | _aeng | ||
| 084 | _a821.0409 SAC | ||
| 084 | _qEDL | ||
| 100 |
_aSacks, Peter M. _91233350 |
||
| 245 | 0 | _aEnglish Elegy: Studies in the Genre From Spenser to Yeats | |
| 245 | 0 | _cSacks, Peter M. | |
| 260 | _aBaltimore | ||
| 260 | _bJohn Hopkins University Press | ||
| 260 | _c1985 | ||
| 300 | _a375p | ||
| 942 | _cTB | ||
| 942 | _h821.0409 SAC | ||
| 999 |
_c1846755 _d1846755 |
||